| Поле | Инд. | ПП | Название | Значение |
|---|---|---|---|---|
| Тип записи | m | |||
| Библиографический уровень | m | |||
| 001 | Контрольный номер | 9f24b0e2cb5a44ff9be6be3ed538c343 | ||
| 005 | Дата корректировки | 20230130140941.4 | ||
| 008 | Кодируемые данные | 220531|||||||||ru |||||||||||||||||rus|| | ||
| 040 | b | Код языка каталог. | rus | |
| e | Правила каталог. | PSBO | ||
| 041 | 0_ | a | Код языка текста | rus |
| 084 | a | Индекс другой классификации/Индекс ББК | 65.051 | |
| 090 | x | Авторский знак | В 15 | |
| 203 | a | Вид содержания | Текст | |
| c | Тип средства | электронный | ||
| 245 | 10 | a | Заглавие | Валовой региональный продукт Мурманской области |
| b | Продолж. заглавия | статистический бюллетень : [код работы – 020111006] | ||
| c | Ответственность | Федеральная служба государственной статистики, Территориальный орган Федеральной службы государственной статистики по Мурманской области (Мурманскстат) | ||
| h | Физич. носитель | Электронный ресурс | ||
| 260 | a | Место издания | Мурманск | |
| c | Дата издания | 2022 | ||
| 300 | a | Объем | 39 с. | |
| 500 | a | Примечание | Электрон. текстовые дан. (1 файл : 1,56 Мб) | |
| 500 | a | Примечание | URL: https://elib.mauniver.ru/stat/2022/STATSB_22_01.pdf | |
| 500 | a | Примечание | Доступ из локальной сети Мурман. гос. техн. ун-та. - Загл. с титул. экрана | |
| 520 | 0_ | a | Аннотация | Статистический сборник содержит рассчитываемые на региональном уровне показатели системы национальных счетов, характеризующие производство и использование валового регионального продукта |
| 583 | x | Служебное примечание | Полнотекстовые документы | |
| x | Служебное примечание | Краеведческий каталог | ||
| 583 | 1_ | x | Служебное примечание | Статистические сборники |
| 650 | 04 | a | Основная рубрика | Статистические сборники-Мурманская область |
| 651 | _4 | a | Географическое наименование | Мурманская область |
| 653 | 0_ | a | Ключевые слова | Валовой региональный продукт; ВРП; Региональная экономика; Статистические данные 2017-2020 гг.; Сборники статистические; Статистические сборники; Электронные версии; Экономика Мурманской области |
| 856 | 40 | u | URL | https://elib.mauniver.ru/stat/2022/STATSB_22_01.pdf |
| 901 | t | Тип документа | m |